| 000 | 00746cab a2200229 4500 | ||
|---|---|---|---|
| 001 | WB2907-03 | ||
| 008 | 090401t1993 xxu||||| |||| 00| 0 eng d | ||
| 035 | _a(Sirsi) u54364 | ||
| 041 | _aeng | ||
| 245 | _aSchool building improvements | ||
| 260 | _c1993 | ||
| 350 | _a0 | ||
| 490 |
_aDepartment for Education News _v(49/93) 16 February 1993, (4) |
||
| 520 | _aAn extra £5m will be available in 1992-93 for school building improvements. List of local education authorities receiving Supplementary Credit Approvals (SCAs) is attached. | ||
| 650 | _aCAPITAL FUNDING | ||
| 650 | _aIMPROVEMENTS | ||
| 650 | _aREPAIRS AND IMPROVEMENTS | ||
| 650 | _aSCHOOL BUILDINGS | ||
| 690 | _aBUILT ENVIRONMENT | ||
| 942 | _n0 | ||
| 948 | _c04/03/1997 | ||
| 999 |
_c33325 _d33325 |
||